MARC details
| 000 -CABECERA |
| campo de control de longitud fija |
00982cam a2200241 a 4500 |
| 001 - NÚMERO DE CONTROL |
| campo de control |
000014551 |
| 005 - FECHA Y HORA DE LA ÚLTIMA TRANSACCIÓN |
| campo de control |
20200929163852.0 |
| 008 - DATOS DE LONGITUD FIJA--INFORMACIÓN GENERAL |
| campo de control de longitud fija |
971216s1994 mx a b 10 0 spa |
| 020 ## - NÚMERO INTERNACIONAL ESTÁNDAR DEL LIBRO |
| Número Internacional Estándar del Libro |
9686101411 |
| 040 ## - FUENTE DE LA CATALOGACIÓN |
| Centro catalogador/agencia de origen |
DO-SdBNP |
| Lengua de catalogación |
spa |
| Centro/agencia transcriptor |
LC |
| Centro/agencia modificador |
BNPHU |
| 050 00 - SIGNATURA TOPOGRÁFICA DE LA BIBLIOTECA DEL CONGRESO |
| Número de clasificación |
P94.65.M6 |
| Número de documento/Ítem |
M43 1994 |
| 082 ## - NÚMERO DE LA CLASIFICACIÓN DECIMAL DEWEY |
| Número de clasificación |
302.23/0972 |
| Número de documento/Ítem |
M491m |
| 049 ## - FONDOS LOCALES (OCLC) |
| Fondos de biblioteca |
BNGR |
| 245 00 - MENCIÓN DE TÍTULO |
| Título |
Medios y mediaciones : |
| Resto del título |
los cambiantes sentidos de la dominación en México / |
| Mención de responsabilidad, etc. |
editores José Lameiras y Luis Jesús Galindo Cáceres. |
| 260 ## - PUBLICACIÓN, DISTRIBUCIÓN, ETC. |
| Lugar de publicación, distribución, etc. |
México, D. F. : |
| Nombre del editor, distribuidor, etc. |
Colegio de Michoacán ; |
| -- |
Instituto Tecnológico de Estudios Superiores de Occidente, |
| Fecha de publicación, distribución, etc. |
1994. |
| 300 ## - DESCRIPCIÓN FÍSICA |
| Extensión |
272 p. : |
| Otras características físicas |
il. ; |
| Dimensiones |
23 cm. |
| 504 ## - NOTA DE BIBLIOGRAFÍA, ETC. |
| Nota de bibliografía, etc. |
Referencias bibliográficas p. [245]-272. |
| 650 #0 - PUNTO DE ACCESO ADICIONAL DE MATERIA--TÉRMINO DE MATERIA |
| Término de materia o nombre geográfico como elemento de entrada |
Mass media and culture |
| Subdivisión geográfica |
Mexico |
| Subdivisión general |
Congresses. |
| 9 (RLIN) |
32934 |
| 650 #0 - PUNTO DE ACCESO ADICIONAL DE MATERIA--TÉRMINO DE MATERIA |
| Término de materia o nombre geográfico como elemento de entrada |
Mass media |
| Subdivisión general |
Social aspects |
| Subdivisión geográfica |
Mexico |
| Subdivisión general |
Congresses. |
| 9 (RLIN) |
32935 |
| 700 1# - PUNTO DE ACCESO ADICIONAL--NOMBRE DE PERSONA |
| Nombre de persona |
Lameiras, José, |
| Término indicativo de función/relación |
ed. |
| 9 (RLIN) |
32936 |
| 700 1# - PUNTO DE ACCESO ADICIONAL--NOMBRE DE PERSONA |
| Nombre de persona |
Galindo Cáceres, Luis Jesús, |
| Término indicativo de función/relación |
ed. |
| 9 (RLIN) |
32937 |
| 910 ## - DATOS DE OPCIÓN DEL USUARIO (OCLC) |
| Datos de opción del usuario |
Catalogación por copia / LC |